000 00321nam a22001337a 4500
008 181016b xxu||||| |||| 00| 0 eng d
020 _a9780130950031
041 _aeng
080 _a316
100 _a50
101 _aSOC
245 _aReal World Investigations For Social Studies
_cHoge.J.D
942 _2udc
_cBK
999 _c49914
_d49914